000 00534nam a2200181Ia 4500
005 20250326130843.0
008 250326s9999 xx 000 0 und d
037 _aTextbook
040 _aFMSL
_beng
_cFMSL
041 _aeng
_2eng
084 _aX:321 M7;1
_qFMSL
100 _aDas Ojha Ghanshyam
_9741576
245 0 _aOrganisation and management of public distribution system
_cDas Ojha Ghanshyam
260 _aDelhi
_bDelhi, Mittal
_c1987
300 _a235p
942 _cTB
_hX:321 M7;1
999 _c1284396
_d1284396